Indian Names - Sudden Death - Statistics

General Stats
  • This quiz has been taken 91 times
  • The average score is 7 of 12
Answers on the Grid
Answers color-coded by a green-red scale on the quiz's grid according to % correct below.
Shlok
Lahar
Prakar
Gitega
Nivasa
Suraj
Lakshmi
Suryansh
Shawarma
Masala
Vihaan
Diya
Zendaya
Indraneel
Saanvi
Surabaya
Chirag
Arya
Radhika
Pakora
 
Answer Stats
Answer % Correct
Suraj
81%
Radhika
75%
Lakshmi
73%
Saanvi
69%
Arya
67%
Diya
67%
Vihaan
65%
Prakar
63%
Suryansh
60%
Chirag
52%
Shlok
40%
Indraneel
38%
No matching quizzes found
Score Distribution
Percent of People with Each Score
Percentile by Number Answered
Your Score History
You have not taken this quiz